000 01051cab a2200289 4500
001 ABS56093
008 090401t1996 xxu||||| |||| 00| 0 eng d
035 _a(Sirsi) u21124
041 _aeng
100 _aSimpson, M.
245 _aProfessional negligence update
260 _c1996
350 _a0
490 _aSolicitors` Journal
_v140(39) 18 October 1996, 997-999(3)
520 _aConsiders law cases where the mortgage lender, to avoid substantial losses, has made claims against the valuer or solicitor on whose valuation or advice they had relied.
650 _aBANQUE BRUXELLES LAMBERT SA V EAGLE STAR INSURANCE CO LTD
650 _aBREACH OF TRUST
650 _aBRISTOL AND WEST BUILDING SOCIETY V MAY MAY AND MERRIMANS
650 _aBRISTOL AND WEST BUILDING SOCIETY V MOTHEW
650 _aHAMLIN V EDWIN EVANS
650 _aPLATFORM HOME LOANS LTD V OYSTON SHIPWAYS LTD
650 _aPROFESSIONAL ADVICE
650 _aPROFESSIONAL CONDUCT
690 _aPROPERTY LAW AND PRACTICE
942 _n0
948 _c04/03/1997
999 _c14175
_d14175